书目信息 |
| 题名: |
文物与体育
|
|
| 作者: | 徐永昌 著 | |
| 分册: | ||
| 出版信息: | 北京 东方出版社 2000 |
|
| 页数: | 183页 | |
| 开本: | 20cm | |
| 丛书名: | “中国文物与学科”丛书 | |
| 单 册: | ||
| 中图分类: | G812.9 | |
| 科图分类: | ||
| 主题词: | 体育--历史--中国--普及读物 | |
| 电子资源: | ||
| ISBN: | 7-5060-1379-7 | |
| 000 | 01078nam0 2200325 450 | |
| 000 | 01041nam0 2200313 450 | |
| 000 | 01046nam0 2200325 450 | |
| 000 | 00992nam0 2200301 450 | |
| 000 | 01021nam0 2200289 450 | |
| 000 | 00984nam0 2200277 45 | |
| 001 | 012001017346 | |
| 005 | 20061226093809.20 | |
| 010 | @a7-5060-1379-7@dCNY13.50 | |
| 100 | @a20060829d2000 em y0chiy0110 ea | |
| 101 | 0 | @achi |
| 102 | @aCN@b110000 | |
| 105 | @aa z 000yy | |
| 200 | 1 | @a文物与体育@Awen wu yu ti yu@f徐永昌著@FXu Yong Chang Zhu |
| 210 | @a北京@c东方出版社@d2000 | |
| 215 | @a183页@c图@d20cm | |
| 225 | 2 | @a“中国文物与学科”丛书 |
| 330 | @a本书通过古代的体育文物和文献资料,从体育的演变过程中,展示中国古代体育的社会职能及其文化价值。 | |
| 410 | 0 | @12001 @a“中国文物与学科”丛书 |
| 606 | 0 | @a体育@x历史@y中国@x普及读物 |
| 690 | @aG812.9@v4 | |
| 701 | 0 | @a徐永昌@Axu yong chang@4著 |
| 801 | 0 | @aCN@b中图数据@c20061226 |
| 905 | @a10447@dG812.9@e48 | |
| 文物与体育/徐永昌著.-北京:东方出版社,2000 |
| 183页:图;20cm.-(“中国文物与学科”丛书) |
| ISBN 7-5060-1379-7:CNY13.50 |
| 本书通过古代的体育文物和文献资料,从体育的演变过程中,展示中国古代体育的社会职能及其文化价值。 |
| ● |
| 相关链接 |
|
|
|
|
正题名:文物与体育
索取号:G812.9/48
 
预约/预借
| 序号 | 登录号 | 条形码 | 馆藏地/架位号 | 状态 | 备注 |
| 1 | 0601262 | 206012624 | 第一样本阅览室/ [索取号:G812.9/48] | 在馆 | |
| 2 | 0601263 | 206012633 | 第四借阅区/ [索取号:G812.9/48] | 在馆 | |
| 3 | 0601264 | 206012642 | 第四借阅区/ [索取号:G812.9/48] | 在馆 | |
| 4 | 0601265 | 206012651 | 第四借阅区/ [索取号:G812.9/48] | 在馆 | |
| 5 | 0601266 | 206012660 | 第四借阅区/ [索取号:G812.9/48] | 在馆 | |
| 6 | 0601267 | 206012679 | 第四借阅区/ [索取号:G812.9/48] | 在馆 |